000
00305nam a22001097a 4500
008
170105b xxu||||| |||| 00| 0 eng d
020
_a
9780721691411
041
_a
eng
080
_2
2ND
_a
618.2
245
_a
FUNDAMENTALS OF NURSING Caring and Clinical Judgement
_c
HARKREADER, H & HOGAN, M.A
942
_2
udc
_c
BK
999
_c
2548
_d
2548